000 00522nam a2200193Ia 4500
005 20250923144517.0
008 008 250917s9999 xx 000 0 eng d
037 _aReports
040 _aDSWL
_beng
_cDSWL
041 _aeng
_2eng
084 _qDSWL
100 _aEdwin, Rhdford
_9825610
245 0 _aEncyclopaedia of superstitions
_cby Edwin
260 _aNew York
_b Philosophical Library
_c1949
300 _aix,269p.
700 _a Rhdford
_9825611
942 _cREP
999 _c1439823
_d1439823